Statistiques concernant Le quiz des années 1940

Cliquez ici pour prendre le quiz!

Statistiques générales

  • Ce quiz a été pris 10 138 fois
  • Le résultat moyen est 17 sur 30

Statistiques - réponses

QuestionRéponse% Correct
Devise de l'État français de juillet 1940 à août 1944Travail, {Famille}, {Patrie}
85%
Arme explosive développée au début des années 1940 et utilisée à deux reprises lors de la Seconde Guerre mondialeLa bombe A
84%
Conte poétique et philosophique écrit par Antoine de Saint-Exupéry en 1943Le Petit Prince
84%
Dirigeant chinois proclamant l'avènement de la République populaire de Chine le 1er octobre 1949Mao Zedong
84%
Elle enregistre La Vie en rose le 4 janvier 1947, l'une des chansons françaises les plus célèbres au mondeÉdith Piaf
83%
Nom donné à la période de forte croissance économique qui dura une trentaine d'années et qui commença au lendemain de la Seconde Guerre mondialeLes Trente Glorieuses
82%
Il écrit son premier roman L'Étranger en 1942Albert Camus
81%
Sigle donné à partir de 1949 à la ligue de basket-ball la plus importante d'Amérique du Nord et du mondeLa NBA
80%
Son journal intime fut publié deux ans après sa mort par son père, en 1947Anne Frank
79%
Grotte découverte par quatre adolescents en Dordogne le 12 septembre 1940La grotte de Lascaux
79%
Dessin animé américain créé par William Hannah et Joseph Barbera en 1940 où les deux principaux protagonistes sont un chat et une sourisTom et Jerry
78%
Réalisateur et acteur principal du film Le Dictateur en 1940Charlie Chaplin
72%
Aide économique et financière proposée par les États-Unis à tous les pays européens en 1947Le Plan Marshall
70%
Il est l'auteur de La Ferme des animaux en 1945 et de 1984 en 1949George Orwell
67%
Ville de Crimée où se sont réunis les dirigeants de l'Union soviétique, du Royaume-Uni et des États-Unis lors d'une célèbre conférence de 1945Yalta
66%
Appareil électroménager inventé, selon la légende, en 1946 par l'ingénieur américain Percy Spencer suite à des recherches sur les radars antiaériensLe micro-ondes
57%
Célèbre actrice, mannequin et chanteuse américaine qui débute sa carrière à l'écran en 1947 dans Bagarre pour une blonde et Dangerous YearsMarilyn Monroe
57%
Autre identité du Docteur Jekyll dans un film de 1941 adapté d'un roman de Robert Louis Stevenson
M. Hyde
56%
Nom de code anglais, pouvant se traduire par "suzerain" en français, désignant l'opération menant à la bataille de Normandie qui eut lieu du 6 juin au 29 août 1944Overlord
51%
Chanson populaire sur le thème de Noël interprétée pour la première fois par Tino Rossi en 1946Petit Papa Noël
50%
Il interprète La Tactique du gendarme en 1949 pour le film Le Roi PandoreBourvil
44%
Crooner américain surnommé "The Voice" qui sort son premier album en 1946Frank Sinatra
34%
Chien "fidèle" créé par Eric Knight apparaissant au cinéma dans un film de Fred M. Wilcox en 1943Lassie
29%
Boxeur français qui décède dans un accident aérien survenu dans l'archipel des Açores en octobre 1949Marcel Cerdan
29%
Émetteur-récepteur radiotéléphonique commercialisé à l'origine par la société Motorola à partir de 1940Le talkie-walkie
27%
Film de 1941 où un journaliste tente de résoudre le mystère du mot "rosebud" prononcé par un magnat, joué par Orson Welles, juste avant sa mortCitizen Kane
23%
Artiste né à Cayenne popularisant Maladie d'Amour en 1948Henri Salvador
17%
Chanteur basque espagnol tenant le rôle principal dans l'opérette La Belle de Cadix composée en 1945Luis Mariano
16%
Astronome, connu pour avoir donné son nom à une "ceinture" d'astéroïdes tournant autour du Système Solaire, qui découvre les satellites Miranda (Uranus) et Néréide (Neptune) à la fin des années 1940Gerard Kuiper
13%
Terme ironique utilisé pour la première fois par le physicien Fred Hoyle dans une émission de la BBC de 1949 pour se moquer de la théorie scientifique proposée par l'abbé belge Georges Lemaître en 1927Le Big Bang
12%

Distribution des résultats

Percentile par nombre de réponses

% des personnes avec chaque résultat

Votre développement - résultats

Vous n’avez pas pris ce quiz